Cargando...
Soil chemistry
| Autor principal: | |
|---|---|
| Formato: | Printed Book |
| Lenguaje: | Undetermined English |
| Publicado: |
New york
Elsevier
1979
|
| Materias: |
| LEADER | 00561nam a2200181Ia 4500 | ||
|---|---|---|---|
| 008 | 140306s9999 xx 000 0 und d | ||
| 041 | |a eng | ||
| 082 | |a 631 .4 |b BOL/SO | ||
| 100 | |a Bolt, G H | ||
| 245 | |a Soil chemistry | ||
| 260 | |a New york |b Elsevier |c 1979 | ||
| 300 | |a 479 | ||
| 365 | |b Rs .159 .00 | ||
| 650 | |a Agricultural chemistry | ||
| 650 | |a Soil science | ||
| 942 | |2 ddc |c BK | ||
| 999 | |c 119233 |d 119233 | ||
| 952 | |0 0 |1 0 |2 ddc |4 0 |6 631__400000000000000_BOLSO |7 0 |9 118317 |a KAUHCV |b KAUHCV |d 2002-05-05 |g 159.00 |o 631 .4 BOL/SO |p KAU_HCV-16799 |r 2014-03-22 |w 2014-03-22 |y BK | ||